| 000 | 00500pam a2200181 a 4500 | ||
|---|---|---|---|
| 020 | _a0080249221 : | ||
| 020 | _a0080249213 (pbk.) : | ||
| 040 | _cDLC | ||
| 082 | 0 | 0 | _a581 PER 1983 A061 Or. |
| 100 | 1 | _aGoodwin, T. W. | |
| 245 | 1 | 0 | _aIntroduction to plant biochemistry / |
| 250 | _a2nd ed. | ||
| 260 |
_aOxford ; _aNew York : _bPergamon Press, _c1983. |
||
| 300 |
_aix, 677 p., [7] leaves of plates : _bill. ; _c26 cm. |
||
| 650 | 0 | _aBotanical chemistry. | |
| 700 | 1 | _aMercer, E. I. | |
| 942 | _cEK | ||
| 999 |
_c14883 _d14883 |
||